[Event "Aragon-ch Seniors-B"]
[Site "Zaragoza"]
[Date "2017.04.22"]
[Round "1"]
[White "Arteaga Jimenez, Francisco"]
[Black "Codina Escudero, Juan"]
[Result "1-0"]
[WhiteElo "1661"]
[BlackElo "1347"]
[PlyCount "75"]
[EventDate "2017.04.22"]
[EventType "swiss"]
[EventRounds "8"]
[EventCountry "ESP"]
[SourceTitle "EXT 2019"]
[Source "ChessBase"]
[SourceDate "2018.10.10"]
[SourceVersion "1"]
[SourceVersionDate "2018.10.10"]
[SourceQuality "1"]

1. e4 e6 2. d3 d5 3. Nd2 dxe4 4. dxe4 Nc6 5. Ngf3 Bd6 6. g3 Nf6 7. c3 0-0 8. Bg2 Bd7 9. 0-0 Ne5 10. Nxe5 Bxe5 11. Nf3 Bb5 12. Nxe5 Bxf1 13. Qxf1 Qd6 14. Nc4 Qe7 15. Qe2 b5 16. Ne5 a6 17. f4 Rad8 18. Be3 Nd7 19. Nc6 Qe8 20. Nxd8 Qxd8 21. Rd1 Qc8 22. e5 c5 23. Rd6 c4 24. Qd2 Nc5 25. Rc6 Qd7 26. Rxc5 Qxd2 27. Bxd2 Rd8 28. Be3 g6 29. Bd4 Rb8 30. Rc6 a5 31. a3 b4 32. axb4 axb4 33. cxb4 Rxb4 34. Bc3 Ra4 35. Bf1 Kg7 36. Bxc4 Ra1+ 37. Kg2 Re1 38. Bxe1 1-0

[Event "Aragon-ch Seniors"]
[Site "Zaragoza"]
[Date "2015.06.06"]
[Round "8"]
[White "Sanchez Valles, Jose Maria"]
[Black "Arteaga Jimenez, Francisco"]
[Result "1-0"]
[WhiteElo "1752"]
[BlackElo "1572"]
[PlyCount "67"]
[EventDate "2015.04.18"]
[EventType "swiss"]
[EventRounds "8"]
[EventCountry "ESP"]
[SourceTitle "EXT 2017"]
[Source "ChessBase"]
[SourceDate "2016.10.25"]
[SourceVersion "1"]
[SourceVersionDate "2016.10.25"]
[SourceQuality "1"]

1. e4 d6 2. Bc4 Nf6 3. Nc3 Nbd7 4. f4 e5 5. d4 Be7 6. Nf3 exd4 7. Bxf7+ Kxf7 8. Ng5+ Kg8 9. Ne6 Qe8 10. Qxd4 Qg6 11. Be3 c5 12. Qd3 a6 13. 0-0-0 b5 14. Nd5 Qf7 15. Ng5 Qf8 16. e5 dxe5 17. fxe5 Nxe5 18. Nxf6+ gxf6 19. Qd5+ Nf7 20. Nxf7 Qxf7 21. Qxa8 Kg7 22. Kb1 c4 23. Qf3 b4 24. Rhe1 Re8 25. Qg3+ Qg6 26. Qxg6+ hxg6 27. Bc5 Kf7 28. Rxe7+ Rxe7 29. Bxe7 Kxe7 30. Rd4 Be6 31. Kc1 a5 32. c3 g5 33. cxb4 axb4 34. a4 1-0

[Event "Zaragoza Primavera op 3rd"]
[Site "Zaragoza"]
[Date "2015.04.12"]
[Round "1"]
[White "Arteaga Jimenez, Francisco"]
[Black "Gimeno Oteo, Marco Antonio"]
[Result "0-1"]
[WhiteElo "1572"]
[BlackElo "2072"]
[PlyCount "58"]
[EventDate "2015.04.12"]
[EventType "swiss"]
[EventRounds "9"]
[EventCountry "ESP"]
[SourceTitle "EXT 2016"]
[Source "ChessBase"]
[SourceDate "2015.10.08"]
[SourceVersion "1"]
[SourceVersionDate "2015.10.08"]
[SourceQuality "1"]

1. d4 Nf6 2. c4 g6 3. g3 Bg7 4. Bg2 0-0 5. Nf3 d6 6. Nc3 Nc6 7. 0-0 a6 8. e3 Rb8 9. d5 Ne5 10. b3 c5 11. Bd2 b5 12. Qe2 Bd7 13. cxb5 axb5 14. Qd3 b4 15. Ne4 Bb5 16. Nxf6+ Bxf6 17. Qc2 Bxf1 18. Rxf1 Qb6 19. e4 Rfc8 20. Be3 Qb5 21. Nd2 c4 22. bxc4 Nxc4 23. Nxc4 Qxc4 24. Qb3 Qxb3 25. axb3 Ra8 26. Rb1 Ra1 27. Rxa1 Bxa1 28. Bf1 Rc3 29. Bc4 Rxc4 0-1

[Event "Zaragoza Casablanca op 5th"]
[Site "Zaragoza"]
[Date "2011.12.23"]
[Round "1"]
[White "Arteaga Jimenez, Francisco"]
[Black "Cifuentes Parada, Roberto"]
[Result "0-1"]
[WhiteElo "1776"]
[BlackElo "2523"]
[PlyCount "40"]
[EventDate "2011.12.23"]
[EventType "swiss"]
[EventRounds "9"]
[EventCountry "ESP"]
[SourceTitle "CBM 146 Extra"]
[Source "ChessBase"]
[SourceDate "2012.02.29"]
[SourceVersion "1"]
[SourceVersionDate "2012.02.29"]
[SourceQuality "1"]

1. e4 c5 2. c3 d6 3. d4 Nf6 4. Bd3 g6 5. f4 Bg7 6. Nf3 0-0 7. 0-0 cxd4 8. cxd4 Nc6 9. Nc3 Bg4 10. d5 Nd4 11. Be2 Nxe2+ 12. Qxe2 Nd7 13. h3 Bxf3 14. Rxf3 Rc8 15. Be3 Qa5 16. Qb5 Qxb5 17. Nxb5 a6 18. Nd4 Nf6 19. e5 Nxd5 20. e6 Nxe3 0-1